Normal view
MARC view
Entry Personal Name
001 - CONTROL NUMBER
- control field: 23999
003 - CONTROL NUMBER IDENTIFIER
- control field: OSt
005 - DATE AND TIME OF LATEST TRANSACTION
- control field: 20210528135045.0
008 - FIXED-LENGTH DATA ELEMENTS
- fixed length control field: 210528|| aca||aabn | a|a d
040 ## - CATALOGING SOURCE
- Original cataloging agency: OSt
- Transcribing agency: OSt
100 ## - HEADING--PERSONAL NAME
- Personal name: Panday, Pranab Kumar and Chowdhury, Shuvra
670 ## - SOURCE DATA FOUND
- Source citation: Work cat.: (OSt)515520: Panday, Pranab Kumar and Chowdhury, Shuvra, Responsiveness of local government officials: Insights and lessons from participatory planning and budgeting
